Eminem Collaborators - Sudden Death - Statistics

General Stats
  • This quiz has been taken 682 times
  • The average score is 7 of 15
Answers on the Grid
Answers color-coded by a green-red scale on the quiz's grid according to % correct below.
DMX
50 Cent
Ellie Goulding
Ozzy Osbourne
Keith Urban
Baby Keem
Nicki Minaj
Jelly Roll
J. Cole
JID
Snoop Dogg
Nate Dogg
Ed Sheeran
Travis Scott
Black Thought
Halsey
Justin Timberlake
Rakim
Post Malone
Big Daddy Kane
Slash
Calvin Harris
Royce Da 5'9
Don Toliver
Skylar Grey
E-40
Jessie Reyez
Slick Rick
Dr Dre
Dido
 
Answer Stats
Answer % Correct
50 Cent
88%
Dr Dre
67%
Snoop Dogg
64%
Dido
59%
Nate Dogg
59%
Ed Sheeran
57%
Royce Da 5'9
43%
Skylar Grey
41%
Jelly Roll
39%
JID
39%
DMX
36%
Nicki Minaj
33%
Don Toliver
18%
Jessie Reyez
17%
Black Thought
9%
No matching quizzes found
Score Distribution
Percent of People with Each Score
Percentile by Number Answered
Your Score History
You have not taken this quiz